| 000 | 00513nam a2200193 a 4500 | ||
|---|---|---|---|
| 005 | 20140221123207.0 | ||
| 008 | 140221b1963 -CN||||| |||| 00| 0 eng d | ||
| 041 | _aeng | ||
| 044 | _acn | ||
| 090 |
_aLB _b00644 |
||
| 100 |
_aPeck, Oswald _98615 |
||
| 245 |
_aCatalogue of the nearctic Chalcidoidea (Insecta _bHymenoptera) |
||
| 260 |
_aOttawa _bCanadian Entomologist _c1963 |
||
| 300 | _a1092 p. | ||
| 650 |
_aInsecta _93534 |
||
| 650 |
_aHymenoptera _94486 |
||
| 650 |
_aSistemática _93510 |
||
| 942 |
_cImpreso _2z |
||
| 999 |
_c660 _d660 |
||